| 000 | 00599nam a22001817a 4500 | ||
|---|---|---|---|
| 999 |
_c185795 _d185795 |
||
| 005 | 20220210101320.0 | ||
| 010 | _aENG-131484 | ||
| 020 |
_a9788173055669 _c995.00 |
||
| 035 | _aEN-115016 | ||
| 037 | _bDBAD | ||
| 082 | _a934 | ||
| 100 | _aLal, Rajesh | ||
| 245 |
_aGlimpses of India: _bSome 5000 Years Ago A story of Our Rich Cultural Heritage/ _cRajesh Lal |
||
| 260 |
_aNew Delhi _bAryan Books International _c2017 |
||
| 270 |
_aPooja Apartments, 4B, Ansari Road _bNew Delhi _e110002 _maryanbooks@gmail.com |
||
| 300 |
_a164 p. _bIndex _c25cm(hbk) |
||
| 942 |
_2ddc _cEN _h934 _mLAL |
||